000 00921nam0a22002411 4500
001 v19\rc\2018866
005 20260406175159.0
035 _a(NLR Aleph) 005099519
090 _a7377919
_c7377919
100 _a20080925d1903 |||y0rusy50 ca
101 0 _arus
102 _aRU
105 _ay z |||||
200 1 _aИнструкция служащим по привлечению членов в Общество уполномоченным
_fО-во взаимного вспоможения на случай смерти
210 _aХарьков
_dценз. 1903
215 _a4 с.
309 _aБез тит. л. и обл.
710 0 2 _aХарьковское общество взаимного вспоможения на случай смерти
_3RU\NLR\AUTH\889943398
_9381942
801 0 _aRU
_bNLR
_gpsbo
801 1 _aRU
_bProSoft-M
_2rusmarc
852 _aNLR
_j37.53.4.192
942 _cBOOK
980 _aNB